000 00435nam a2200205Ia 4500
001 109822
003 YMCAF
005 20230512162403.0
008 100717s2002 ||||||||||||||||| ||und|d
024 _a109822
035 _aWB809
040 _aYMCAF
_beng
_cIN-KoLT
041 _aeng
082 _a381.142
_bRAY
100 _aRayport & Jawoski
245 0 _aE-Commerce
260 _bTMH
_c2002
300 _a420
942 _2ddc
_cBK
999 _c11633
_d11633